[Event "20th HZ Open 2016"]
[Site "Vlissingen NED"]
[Date "2016.08.06"]
[Round "1.1"]
[White "Altenbernd, Dirk"]
[Black "Sasikiran, Krishnan"]
[Result "0-1"]
[BlackTitle "GM"]
[WhiteElo "1967"]
[BlackElo "2658"]
[WhiteFideId "24641090"]
[BlackFideId "5004985"]
[EventDate "2016.08.06"]

1. c4 g6 2. g3 Bg7 3. Bg2 e5 4. Nc3 d6 5. d3 f5 6. e3 Nf6 7. Nge2 O-O 8. O-O a5
9. Rb1 c6 10. a3 Be6 11. b4 axb4 12. axb4 d5 13. cxd5 cxd5 14. d4 e4 15. Qb3
Nbd7 16. Na4 Bf7 17. Bd2 Re8 18. Rfc1 Bf8 19. Nec3 Nb6 20. Nxb6 Qxb6 21. Na4 Qa7
22. Ra1 b5 23. Nc3 Qxa1 24. Rxa1 Rxa1+ 25. Bf1 Rb8 26. Kg2 g5 27. Qb2 Ra7 28.
Be2 Kg7 29. Bd1 h5 30. Ne2 Bd6 31. Nc1 h4 32. Bc3 hxg3 33. hxg3 Kg6 34. Nb3 Rh8
35. Qe2 Be6 36. Qxb5 Rah7 37. Qc6 Rh1 0-1

[Event "20th HZ Open 2016"]
[Site "Vlissingen NED"]
[Date "2016.08.06"]
[Round "1.2"]
[White "Van Wely, Loek"]
[Black "Hess, Stefan"]
[Result "1-0"]
[WhiteTitle "GM"]
[WhiteElo "2657"]
[BlackElo "1967"]
[WhiteFideId "1000268"]
[BlackFideId "1042009"]
[EventDate "2016.08.06"]

1. d4 Nf6 2. c4 e6 3. Nf3 c5 4. d5 exd5 5. cxd5 d6 6. e4 g6 7. h3 Bg7 8. Bd3 O-O
9. O-O a6 10. a4 b6 11. Nc3 Re8 12. Bf4 Bb7 13. Nd2 Nh5 14. Bh2 Qf6 15. Nc4 Nf4
16. Nxb6 Ra7 17. Qf3 Nxd3 18. Qxd3 Qd4 19. Qc2 Qb4 20. a5 Bxc3 21. bxc3 Qxe4 22.
Qxe4 Rxe4 23. Rfe1 1-0

[Event "20th HZ Open 2016"]
[Site "Vlissingen NED"]
[Date "2016.08.06"]
[Round "1.3"]
[White "Van Rij, Gert"]
[Black "Oleksiyenko, Mykhaylo"]
[Result "0-1"]
[BlackTitle "GM"]
[WhiteElo "1963"]
[BlackElo "2610"]
[WhiteFideId "1011766"]
[BlackFideId "4152417"]
[EventDate "2016.08.06"]

1. d4 Nf6 2. c4 g6 3. Nc3 Bg7 4. e4 d6 5. Nf3 O-O 6. h3 e5 7. Be3 exd4 8. Nxd4
Re8 9. Qc2 Nxe4 10. Nxe4 f5 11. Nxd6 Qxd6 12. O-O-O Na6 13. c5 Qf8 14. c6 f4 15.
cxb7 Bxb7 16. Qb3+ Kh8 17. Qxb7 fxe3 18. Bxa6 Qc5+ 19. Nc2 Rab8 20. Rd5 Qf8 21.
fxe3 Rxb7 22. Bxb7 Qf6 23. Rb5 c6 24. Rb3 Rd8 25. Ba6 Qf2 26. Rd1 Rxd1+ 27. Kxd1
Qg1+ 28. Ne1 Bf6 29. Kd2 Bh4 30. Nc2 Qxg2+ 31. Be2 Bg3 32. Rb7 a5 33. Ra7 Qd5+
34. Bd3 Qxa2 35. b4 a4 36. Ra6 Bd6 37. b5 Bb4+ 38. Kc1 cxb5 39. Bxb5 a3 40. Nxb4
Qb2+ 41. Kd1 Qxb4 42. Bd3 a2 0-1

[Event "20th HZ Open 2016"]
[Site "Vlissingen NED"]
[Date "2016.08.06"]
[Round "1.4"]
[White "Van Foreest, Jorden"]
[Black "De Bock, Rien"]
[Result "1-0"]
[WhiteTitle "GM"]
[WhiteElo "2601"]
[BlackElo "1962"]
[WhiteFideId "1039784"]
[BlackFideId "1031511"]
[EventDate "2016.08.06"]

1. e4 c5 2. Nc3 Nc6 3. Bb5 Nd4 4. Nf3 Nxb5 5. Nxb5 d6 6. d4 a6 7. Nc3 cxd4 8.
Qxd4 Bg4 9. Be3 Nf6 10. h3 Bxf3 11. gxf3 Qa5 12. O-O-O Rd8 13. Qa7 Nd7 14. Qxb7
Rb8 15. Rd5 Rxb7 16. Rxa5 Ne5 17. Rxa6 Nxf3 18. Ra8+ Kd7 19. a4 1-0

[Event "20th HZ Open 2016"]
[Site "Vlissingen NED"]
[Date "2016.08.06"]
[Round "1.5"]
[White "Van Randtwijk, Mick"]
[Black "Landa, Konstantin"]
[Result "0-1"]
[BlackTitle "GM"]
[WhiteElo "1947"]
[BlackElo "2597"]
[WhiteFideId "1047248"]
[BlackFideId "4101685"]
[EventDate "2016.08.06"]

1. e4 c6 2. d4 d5 3. Nc3 dxe4 4. Nxe4 Bf5 5. Ng3 Bg6 6. h4 h6 7. Nf3 Nd7 8. h5
Bh7 9. Bd3 Bxd3 10. Qxd3 e6 11. Bd2 Ngf6 12. O-O-O Bd6 13. Ne4 Nxe4 14. Qxe4 Nf6
15. Qe2 Bc7 16. Kb1 Qd5 17. c4 Qe4+ 18. Qxe4 Nxe4 19. Be1 O-O-O 20. Rh4 f5 21.
Rd3 Rd7 22. Nd2 Nxd2+ 23. Bxd2 Rhd8 24. Bc3 e5 25. b4 b5 26. c5 Rd5 27. Kc2 R8d7
28. Bb2 Bd8 29. Rhh3 exd4 30. Rd1 Bf6 31. Rhd3 f4 32. g4 fxg3 33. fxg3 a5 34. a3
Kd8 35. g4 a4 36. Kb1 Ke7 37. R1d2 Ke6 38. Kc2 Bg5 39. Rd1 Be3 40. Re1 Re5 41.
Re2 Rf7 42. Rg2 Kd5 43. Re2 Kc4 44. Bc3 Rf2 45. Rxf2 Bxf2 46. Bd2 Re2 47. Rf3
Be3 0-1

[Event "20th HZ Open 2016"]
[Site "Vlissingen NED"]
[Date "2016.08.06"]
[Round "1.6"]
[White "David, Alberto"]
[Black "Boerkamp, Harry"]
[Result "1-0"]
[WhiteTitle "GM"]
[WhiteElo "2561"]
[BlackElo "1946"]
[WhiteFideId "4000013"]
[BlackFideId "1041002"]
[EventDate "2016.08.06"]

1. e4 e5 2. Nf3 Nc6 3. Bb5 f5 4. d3 fxe4 5. dxe4 Nf6 6. O-O Bc5 7. Qd3 d6 8. Nc3
a6 9. Ba4 b5 10. Bb3 Na5 11. Bg5 c6 12. Rad1 Nxb3 13. axb3 Be6 14. Be3 Bxe3 15.
fxe3 Ke7 16. Ne2 Qc7 17. Ng3 Rad8 18. Ng5 g6 19. c4 Bg4 20. Rd2 h6 21. Nf3 Be6
22. Nh4 Rhg8 23. Rdf2 Rdf8 24. h3 Nd7 25. Rxf8 Nxf8 26. Ne2 Rg7 27. Nf5+ gxf5
28. exf5 Kd8 29. fxe6 Nxe6 30. Rf6 Qe7 31. Qf5 Nc5 32. Rxh6 Nxb3 33. cxb5 axb5
34. Re6 Qd7 35. Qf6+ Kc7 36. Rxd6 Qxd6 37. Qxg7+ Kb6 38. Nc3 Qc5 39. Qg5 Ka5 40.
Qd8+ Kb4 41. Qd3 Na5 42. Nd5+ 1-0

[Event "20th HZ Open 2016"]
[Site "Vlissingen NED"]
[Date "2016.08.06"]
[Round "1.7"]
[White "Oostvogels, Niek"]
[Black "Zeng, Chongsheng"]
[Result "0-1"]
[BlackTitle "GM"]
[WhiteElo "1942"]
[BlackElo "2538"]
[WhiteFideId "1051725"]
[BlackFideId "8603847"]
[EventDate "2016.08.06"]

1. e4 c6 2. d4 d5 3. Nc3 dxe4 4. Bc4 Nf6 5. f3 exf3 6. Nxf3 e6 7. Bg5 Be7 8. Qe2
Nbd7 9. O-O-O Nb6 10. Bb3 O-O 11. Rhf1 a5 12. a4 Nbd5 13. Nxd5 cxd5 14. c3 b6
15. Ne5 Ba6 16. Nd3 Ne4 17. Bxe7 Qxe7 18. Qe3 Rfc8 19. Bc2 b5 20. Rf4 b4 21. Ne5
f6 22. Ng4 bxc3 23. Bxe4 dxe4 24. Rxe4 Qb4 0-1

[Event "20th HZ Open 2016"]
[Site "Vlissingen NED"]
[Date "2016.08.06"]
[Round "1.8"]
[White "Ikonnikov, Vyacheslav"]
[Black "Maas, Joop"]
[Result "1-0"]
[WhiteTitle "GM"]
[WhiteElo "2536"]
[BlackElo "1941"]
[WhiteFideId "4100972"]
[BlackFideId "1025759"]
[EventDate "2016.08.06"]

1. d4 d5 2. Nf3 Nf6 3. c4 e6 4. Nc3 Be7 5. Bg5 h6 6. Bh4 O-O 7. Rc1 Ne4 8. Bg3
Nxc3 9. bxc3 b6 10. cxd5 exd5 11. e3 Be6 12. Ne5 Bf6 13. Bd3 Bxe5 14. Bxe5 Nd7
15. Bg3 c5 16. O-O Qf6 17. Qh5 Qg5 18. Qxg5 hxg5 19. Bd6 Rfe8 20. Bb5 a6 21. Bc6
Ra7 22. e4 dxe4 23. d5 Bf5 24. Rce1 c4 25. Re3 f6 26. f3 Bg6 27. g4 Rd8 28. fxe4
Ne5 29. Bxe5 fxe5 30. Kg2 Rf7 31. Rxf7 Kxf7 32. Bb7 a5 33. Ba6 Ke7 34. Bxc4 Rf8
35. Be2 Kd6 36. Kg3 Rf4 37. Bf3 Be8 38. h4 gxh4+ 39. Kxh4 Rf6 40. Kg3 g5 41. Re1
Rh6 42. Be2 Bd7 43. Rb1 Kc7 44. Rf1 Kd6 45. Rf7 Rg6 46. Ba6 Ba4 47. Bc8 Bc2 48.
Bf5 Rg8 49. Rd7+ Kc5 50. Rc7+ Kb5 51. d6 1-0

[Event "20th HZ Open 2016"]
[Site "Vlissingen NED"]
[Date "2016.08.06"]
[Round "1.9"]
[White "Kalle, Erwin"]
[Black "Ernst, Sipke"]
[Result "0-1"]
[BlackTitle "GM"]
[WhiteElo "1938"]
[BlackElo "2535"]
[WhiteFideId "1045504"]
[BlackFideId "1004689"]
[EventDate "2016.08.06"]

1. e4 c5 2. Nc3 a6 3. f4 b5 4. g3 Bb7 5. Bg2 e6 6. d3 Nf6 7. Nf3 b4 8. Ne2 d5 9.
e5 Nfd7 10. c3 Nc6 11. O-O a5 12. g4 Be7 13. Ng3 a4 14. Re1 Qc7 15. Qe2 a3 16.
cxb4 cxb4 17. b3 Ba6 18. Bf1 Na7 19. Be3 Nb5 20. Rac1 Nc3 21. Qd2 O-O 22. d4 f6
23. Ne2 fxe5 24. dxe5 Bxe2 25. Bxe2 Bc5 26. Bd3 Rxf4 27. Ng5 Rxg4+ 28. Kh1 Nf8
29. h3 Bxe3 30. Qxe3 Rh4 31. Qg3 Rh5 32. Rg1 Qe7 33. Rcf1 Rxg5 34. Qxg5 Qxg5 35.
Rxg5 Nxa2 36. Rfg1 g6 37. h4 Nc3 38. h5 a2 39. hxg6 h6 40. g7 hxg5 0-1

[Event "20th HZ Open 2016"]
[Site "Vlissingen NED"]
[Date "2016.08.06"]
[Round "1.10"]
[White "Lin, Chen"]
[Black "Oud, Niek"]
[Result "1-0"]
[WhiteTitle "GM"]
[WhiteElo "2516"]
[BlackElo "1938"]
[WhiteFideId "8602298"]
[BlackFideId "1005200"]
[EventDate "2016.08.06"]

1. e4 c5 2. Nf3 Nc6 3. Nc3 d6 4. d4 cxd4 5. Nxd4 Nf6 6. f3 e5 7. Nb3 Be7 8. Be3
O-O 9. Qd2 Qc7 10. O-O-O Rd8 11. g4 Bd7 12. g5 Ne8 13. Nd5 Qb8 14. h4 f5 15. g6
f4 16. gxh7+ Kh8 17. Bf2 Be6 18. h5 Bg5 19. Bh3 Bxh3 20. Rxh3 Nf6 21. Rg1 Bh6
22. Bh4 Rf8 23. Nxf6 gxf6 24. Rg6 Kxh7 25. Bxf6 Rg8 26. Rh1 Qc7 27. Rhg1 Ne7 28.
Qg2 Raf8 29. Bxe7 1-0

[Event "20th HZ Open 2016"]
[Site "Vlissingen NED"]
[Date "2016.08.06"]
[Round "1.11"]
[White "Sparreboom, Wil"]
[Black "Leenhouts, Koen"]
[Result "0-1"]
[BlackTitle "IM"]
[WhiteElo "1935"]
[BlackElo "2491"]
[WhiteFideId "1003836"]
[BlackFideId "1008439"]
[EventDate "2016.08.06"]

1. d4 Nf6 2. c4 g6 3. g3 Bg7 4. Bg2 O-O 5. Nc3 c6 6. Nf3 d5 7. cxd5 cxd5 8. Ne5
Bf5 9. Qb3 Nc6 10. Nxc6 bxc6 11. O-O Qb6 12. Qd1 Nd7 13. e3 e5 14. g4 Be6 15.
Na4 Qc7 16. b3 f5 17. h3 e4 18. Ba3 Rf7 19. Rc1 fxg4 20. hxg4 Nf6 21. f3 exf3
22. Bxf3 Qg3+ 23. Kh1 Nxg4 24. Bxg4 Rxf1+ 25. Qxf1 Bxg4 0-1

[Event "20th HZ Open 2016"]
[Site "Vlissingen NED"]
[Date "2016.08.06"]
[Round "1.12"]
[White "Hausrath, Daniel"]
[Black "Reichardt, Jasper"]
[Result "1-0"]
[WhiteTitle "GM"]
[WhiteElo "2487"]
[BlackElo "1934"]
[WhiteFideId "4617495"]
[BlackFideId "1046578"]
[EventDate "2016.08.06"]

1. Nf3 c5 2. c4 Nc6 3. g3 g6 4. Bg2 Bg7 5. O-O Nf6 6. Nc3 O-O 7. d4 cxd4 8. Nxd4
Nxd4 9. Qxd4 d6 10. Qd3 Bf5 11. e4 Be6 12. Bd2 Rc8 13. b3 Nd7 14. Rac1 a6 15.
Nd5 Bxd5 16. exd5 Nc5 17. Qe2 Qd7 18. Rfe1 Rfe8 19. Qf1 Rb8 20. b4 Na4 21. c5
dxc5 22. bxc5 e6 23. Bf4 Rbc8 24. c6 bxc6 25. dxc6 Qa7 26. Be3 Qc7 27. Qxa6 Nc3
28. Qc4 Nd5 29. Bxd5 exd5 30. Qxd5 Re6 31. Bf4 Rxe1+ 32. Rxe1 Qxc6 33. Qxc6 Rxc6
34. Re8+ Bf8 35. Bh6 Kh8 36. Rxf8# 1-0

[Event "20th HZ Open 2016"]
[Site "Vlissingen NED"]
[Date "2016.08.07"]
[Round "2.1"]
[White "Sasikiran, Krishnan"]
[Black "Stillger, Bernhard"]
[Result "1-0"]
[WhiteTitle "GM"]
[BlackTitle "FM"]
[WhiteElo "2658"]
[BlackElo "2235"]
[WhiteFideId "5004985"]
[BlackFideId "4610768"]
[EventDate "2016.08.06"]

1. e4 e6 2. d4 d5 3. Nc3 Nf6 4. e5 Nfd7 5. f4 c5 6. Nf3 Nc6 7. Be3 Be7 8. Qd2
O-O 9. Be2 b6 10. O-O f5 11. Rad1 cxd4 12. Nxd4 Nxd4 13. Bxd4 Nb8 14. Bf2 Nc6
15. Bb5 Na5 16. Ne2 Bd7 17. Bd3 Qc7 18. b3 b5 19. Nd4 a6 20. h3 Nc6 21. g4 g6
22. Kh1 Kh8 23. Rg1 Rg8 24. Rg2 Raf8 25. Rdg1 Nb4 26. gxf5 Nxd3 27. cxd3 gxf5
28. Qe1 Qd8 29. Rxg8+ Rxg8 30. Nxf5 Rxg1+ 31. Qxg1 exf5 32. e6 Bf6 33. Bd4 Bxd4
34. Qxd4+ Kg8 35. Qxd5 Bc6 36. Qxc6 Qxd3 37. Qc8+ 1-0

[Event "20th HZ Open 2016"]
[Site "Vlissingen NED"]
[Date "2016.08.07"]
[Round "2.2"]
[White "Bluhm, Sonja Maria"]
[Black "Van Wely, Loek"]
[Result "0-1"]
[WhiteTitle "WFM"]
[BlackTitle "GM"]
[WhiteElo "2235"]
[BlackElo "2657"]
[WhiteFideId "24654027"]
[BlackFideId "1000268"]
[EventDate "2016.08.06"]

1. e4 c5 2. Nf3 e6 3. d4 cxd4 4. Nxd4 Nf6 5. Bd3 d6 6. Qe2 g6 7. c4 Bg7 8. Nc3
O-O 9. O-O Nfd7 10. Nf3 Nc6 11. Be3 Bxc3 12. bxc3 b6 13. Rfd1 Qe7 14. Bc2 Rd8
15. Nd4 Bb7 16. Nb5 Nc5 17. Rab1 Na5 18. Bxc5 bxc5 19. Qd3 e5 20. Bb3 Ba6 21.
Rd2 Rab8 22. Rbd1 Rb6 23. Qe2 Bc8 24. Na3 Be6 25. g3 h5 26. Kg2 Kg7 27. Bc2 Qd7
28. Rb1 Rxb1 29. Nxb1 Nxc4 30. Rd1 Na5 31. Qa6 Qc7 32. Na3 Qb6 33. Qxb6 axb6 34.
Nb5 Bxa2 35. Nxd6 Kf6 36. f4 Ke7 37. fxe5 Nc6 38. Ra1 Be6 39. Bd1 Nxe5 40. Nb5
Rd2+ 41. Kg1 Bh3 42. Nc7 Rg2+ 43. Kh1 Nd3 0-1

[Event "20th HZ Open 2016"]
[Site "Vlissingen NED"]
[Date "2016.08.07"]
[Round "2.3"]
[White "Oleksiyenko, Mykhaylo"]
[Black "Michalczak, Thomas"]
[Result "1-0"]
[WhiteTitle "GM"]
[BlackTitle "FM"]
[WhiteElo "2610"]
[BlackElo "2234"]
[WhiteFideId "4152417"]
[BlackFideId "4622634"]
[EventDate "2016.08.06"]

1. e4 c5 2. Nf3 Nc6 3. d4 cxd4 4. Nxd4 e5 5. Nb5 a6 6. Nd6+ Bxd6 7. Qxd6 Qe7 8.
Qxe7+ Ngxe7 9. Bd2 d5 10. Nc3 d4 11. Na4 O-O 12. Nb6 Rb8 13. Bc4 Rd8 14. a4 Be6
15. Bxe6 fxe6 16. Ra3 Nc8 17. Rb3 Nxb6 18. Rxb6 d3 19. c3 Rd7 20. f3 Kf7 21. Kf2
Na5 22. b3 Nc6 23. Rd1 h6 24. c4 Rbd8 25. Bc3 d2 26. Ke2 Rd3 27. Rxd2 Rxc3 28.
Rxd8 1-0

[Event "20th HZ Open 2016"]
[Site "Vlissingen NED"]
[Date "2016.08.07"]
[Round "2.4"]
[White "Vos, Tjark"]
[Black "Van Foreest, Jorden"]
[Result "1-0"]
[BlackTitle "GM"]
[WhiteElo "2223"]
[BlackElo "2601"]
[WhiteFideId "1020870"]
[BlackFideId "1039784"]
[EventDate "2016.08.06"]

1. e4 c6 2. d4 d5 3. Nc3 dxe4 4. Nxe4 Bf5 5. Ng3 Bg6 6. N1e2 e6 7. Nf4 Qc7 8. h4
Bd6 9. Nxg6 hxg6 10. Ne4 Nf6 11. Nxd6+ Qxd6 12. Be2 Nbd7 13. g3 O-O-O 14. O-O
Nh5 15. Kg2 Ndf6 16. c3 Ne4 17. Qe1 f5 18. b4 e5 19. Bxh5 Rxh5 20. f3 g5 21.
fxe4 gxh4 22. Rxf5 Rxf5 23. exf5 h3+ 24. Kh2 Qd5 25. Qf1 exd4 26. Bg5 Re8 27.
Rd1 Qxa2+ 28. Rd2 Qb3 29. Rxd4 Qxc3 30. Qd1 b6 31. Bf4 Re1 32. Rd8+ Kb7 33. Rb8+
Ka6 34. Qa4# 1-0

[Event "20th HZ Open 2016"]
[Site "Vlissingen NED"]
[Date "2016.08.07"]
[Round "2.5"]
[White "Landa, Konstantin"]
[Black "Balje, Jan"]
[Result "1-0"]
[WhiteTitle "GM"]
[WhiteElo "2597"]
[BlackElo "2219"]
[WhiteFideId "4101685"]
[BlackFideId "1004085"]
[EventDate "2016.08.06"]

1. e4 c6 2. d4 d5 3. Nd2 dxe4 4. Nxe4 Nd7 5. Nf3 Ngf6 6. Ng3 e6 7. Bd3 c5 8. Qe2
Be7 9. O-O O-O 10. Rd1 Qc7 11. c4 b6 12. d5 exd5 13. Qxe7 Re8 14. Bxh7+ 1-0

[Event "20th HZ Open 2016"]
[Site "Vlissingen NED"]
[Date "2016.08.07"]
[Round "2.6"]
[White "Kartsev, Soel"]
[Black "David, Alberto"]
[Result "1-0"]
[BlackTitle "GM"]
[WhiteElo "2221"]
[BlackElo "2561"]
[WhiteFideId "4130561"]
[BlackFideId "4000013"]
[EventDate "2016.08.06"]

1. c4 e5 2. Nc3 Nf6 3. g3 Bb4 4. Bg2 O-O 5. Nf3 Re8 6. O-O c6 7. d4 e4 8. Ne1
Bxc3 9. bxc3 d5 10. cxd5 cxd5 11. Nc2 h6 12. Ne3 Nc6 13. Ba3 Ng4 14. Nxg4 Bxg4
15. f3 Bf5 16. g4 exf3 17. exf3 Bg6 18. Re1 Qa5 19. Qb3 Qa6 20. f4 Be4 21. Bf1
Bd3 22. Bg2 Re4 23. Bxe4 dxe4 24. Bc1 Rd8 25. f5 b6 26. f6 Qc8 27. Qd1 g5 28. h4
Rd5 29. hxg5 hxg5 30. a4 Qe6 31. Be3 Qxf6 32. Qd2 Ne7 33. Rf1 Bxf1 34. Rxf1 Qe6
35. Qg2 Ra5 36. Qc2 Qxg4+ 37. Qg2 Qxg2+ 38. Kxg2 Nd5 39. Bxg5 Rxa4 40. Rf5 Ra5
41. Rf1 Nxc3 42. Bf6 Nd5 43. Be5 1-0

[Event "20th HZ Open 2016"]
[Site "Vlissingen NED"]
[Date "2016.08.07"]
[Round "2.7"]
[White "Zeng, Chongsheng"]
[Black "In t Veld, Daan"]
[Result "1-0"]
[WhiteTitle "GM"]
[WhiteElo "2538"]
[BlackElo "2212"]
[WhiteFideId "8603847"]
[BlackFideId "1016270"]
[EventDate "2016.08.06"]

1. d4 f5 2. Qd3 e6 3. g4 d5 4. gxf5 exf5 5. Nc3 Nf6 6. Bg5 Be7 7. Nf3 c6 8. Bxf6
Bxf6 9. O-O-O O-O 10. e3 Qe7 11. h4 b5 12. Ne2 Na6 13. Kb1 Nc7 14. Qc3 Bd7 15.
Nf4 b4 16. Qd2 Rfb8 17. Nh5 Ne8 18. Bd3 Nd6 19. Nxf6+ gxf6 20. h5 Ne4 21. Bxe4
Qxe4 22. Rdg1+ Kh8 23. Nh4 f4 24. f3 fxe3 25. Qh2 Qe8 26. Qf4 1-0

[Event "20th HZ Open 2016"]
[Site "Vlissingen NED"]
[Date "2016.08.07"]
[Round "2.8"]
[White "Van den Berg, Bram"]
[Black "Ikonnikov, Vyacheslav"]
[Result "0-1"]
[BlackTitle "GM"]
[WhiteElo "2205"]
[BlackElo "2536"]
[WhiteFideId "1008684"]
[BlackFideId "4100972"]
[EventDate "2016.08.06"]

1. e4 g6 2. d4 Bg7 3. Nc3 d6 4. Be3 c6 5. a4 Nf6 6. h3 O-O 7. Nf3 Nbd7 8. Be2 e5
9. dxe5 dxe5 10. O-O Qe7 11. Nd2 Nc5 12. Qc1 Ne6 13. Rd1 Nd4 14. Bf1 Rd8 15.
Ncb1 Nh5 16. c3 f5 17. f3 Ne6 18. Qc2 Nef4 19. Na3 Qg5 20. Kh2 Qg3+ 21. Kh1 Nxh3
22. gxh3 f4 23. Bg1 Bxh3 24. Bh2 Qh4 25. Bg2 Be6 26. Nf1 Bf8 27. b4 a5 28. Qb2
Bf7 29. Kg1 Rxd1 30. Rxd1 axb4 31. cxb4 Rxa4 32. Nc2 Ra2 33. Qc3 Be7 34. Ra1 Bd8
35. Qc5 Rxc2 36. Qxc2 Bb6+ 37. Kh1 Ng3+ 38. Nxg3 fxg3 39. Bf1 Bf2 0-1

[Event "20th HZ Open 2016"]
[Site "Vlissingen NED"]
[Date "2016.08.07"]
[Round "2.9"]
[White "Ernst, Sipke"]
[Black "Woudsma, Martijn"]
[Result "1-0"]
[WhiteTitle "GM"]
[WhiteElo "2535"]
[BlackElo "2191"]
[WhiteFideId "1004689"]
[BlackFideId "1008889"]
[EventDate "2016.08.06"]

1. d4 Nf6 2. c4 g6 3. Nc3 Bg7 4. e4 d6 5. Nf3 O-O 6. Be2 e5 7. Be3 Ng4 8. Bg5 f6
9. Bh4 Qe8 10. O-O h5 11. h3 Nh6 12. c5 Nc6 13. d5 Nb8 14. cxd6 cxd6 15. Nd2 Rf7
16. Rc1 Bf8 17. Bg3 Rh7 18. f4 Nf7 19. f5 gxf5 20. exf5 h4 21. Nce4 Be7 22. Be1
Na6 23. Bh5 Qf8 24. Bg6 Rh6 25. Nc4 Nh8 26. Bd2 Nxg6 27. Bxh6 Qxh6 28. fxg6 Qxg6
29. Ncxd6 Bxh3 30. Qf3 Bg4 31. Nxf6+ Kg7 32. Qxg4 Qxg4 33. Nxg4 Bxd6 34. a3 Bc5+
35. Kh1 Bd4 36. b4 Rd8 37. Nf6 Bb2 38. Rc4 Bxa3 39. Rg4+ Kf7 40. Ne4+ Ke7 41.
Rg7+ Ke8 42. d6 Bxb4 43. Re7# 1-0

[Event "20th HZ Open 2016"]
[Site "Vlissingen NED"]
[Date "2016.08.07"]
[Round "2.10"]
[White "Grochal, Joey"]
[Black "Lin, Chen"]
[Result "0-1"]
[BlackTitle "GM"]
[WhiteElo "2196"]
[BlackElo "2516"]
[WhiteFideId "1019945"]
[BlackFideId "8602298"]
[EventDate "2016.08.06"]

1. d4 d5 2. c4 c6 3. Nc3 Nf6 4. e3 a6 5. Nf3 Bf5 6. Ne5 e6 7. g4 Bg6 8. h4 dxc4
9. h5 Bd3 10. Nxd3 cxd3 11. Bxd3 c5 12. Be2 cxd4 13. Qxd4 Qxd4 14. exd4 Nc6 15.
Be3 Bb4 16. O-O Rc8 17. Rac1 h6 18. Bf3 O-O 19. a3 Bxc3 20. Rxc3 Nd5 21. Bxd5
exd5 22. Rfc1 f5 23. f3 Rce8 24. Kg2 fxg4 25. fxg4 Re4 26. Kg3 Nxd4 27. Bxd4
Rxd4 28. Rc8 Rd3+ 29. Kh4 Rb3 30. Rxf8+ Kxf8 31. Rc8+ Kf7 32. Rc7+ Kf6 33. Rd7
Rxb2 34. Rxd5 Ke6 35. Rd3 b5 36. Re3+ Kd6 37. Rf3 Rh2+ 38. Kg3 Re2 39. Rf8 Re3+
40. Kf4 Rxa3 41. Rf7 b4 42. Rxg7 b3 43. Rh7 Ra4+ 44. Kf3 Rb4 45. Rxh6+ Ke5 0-1

[Event "20th HZ Open 2016"]
[Site "Vlissingen NED"]
[Date "2016.08.07"]
[Round "2.11"]
[White "Leenhouts, Koen"]
[Black "De Boer, Eelke"]
[Result "1/2-1/2"]
[WhiteTitle "IM"]
[WhiteElo "2491"]
[BlackElo "2183"]
[WhiteFideId "1008439"]
[BlackFideId "1048120"]
[EventDate "2016.08.06"]

1. d4 Nf6 2. c4 g6 3. Nc3 Bg7 4. e4 d6 5. Nf3 O-O 6. Be2 e5 7. O-O Nc6 8. dxe5
dxe5 9. Qxd8 Rxd8 10. Bg5 Re8 11. Nd5 Nxd5 12. cxd5 Nb8 13. Rac1 h6 14. Be3 c6
15. Bc4 Bd7 16. Rfd1 cxd5 17. Bxd5 Bc6 18. b4 Bxd5 19. exd5 Rd8 20. Rc7 b6 21.
g4 Na6 22. Rc4 b5 23. Rc5 e4 24. Ne1 Nxb4 25. a3 Na2 26. Bd2 Rac8 27. Rxb5 Nc3
28. Bxc3 Rxc3 29. Ra5 e3 30. fxe3 Rxe3 31. Kf2 Re4 32. Nf3 Rd7 33. h3 Rc4 34.
Rb5 Rc3 35. a4 Ra3 36. a5 a6 37. Rc5 Rc3 38. Rxc3 Bxc3 39. Rd3 Bf6 40. Nd2 Be7
41. Nc4 f6 42. Kf3 Bc5 43. h4 Kf7 44. h5 gxh5 45. gxh5 Rb7 46. Ke4 Rb4 47. Rc3
Ke7 48. Kf5 Rb1 49. Nd2 Rb5 50. Kg6 Bb4 51. Rd3 Rb8 52. Ne4 Rg8+ 53. Kf5 Bd6 54.
Rb3 Rb8 55. Rxb8 Bxb8 56. Kg6 Bf4 57. Nc5 Kd6 58. Nxa6 Bd2 59. Nc5 Kxc5 60. a6
Kb6 61. d6 Kxa6 62. d7 Ba5 63. Kxh6 f5 64. Kg6 Kb7 65. Kxf5 Kc7 66. Ke6 Kd8 67.
h6 1/2-1/2

[Event "20th HZ Open 2016"]
[Site "Vlissingen NED"]
[Date "2016.08.07"]
[Round "2.12"]
[White "Luft, Dennis"]
[Black "Hausrath, Daniel"]
[Result "0-1"]
[BlackTitle "GM"]
[WhiteElo "2190"]
[BlackElo "2487"]
[WhiteFideId "24623717"]
[BlackFideId "4617495"]
[EventDate "2016.08.06"]

1. e4 c6 2. Ne2 d5 3. e5 d4 4. b4 c5 5. bxc5 Nc6 6. c3 d3 7. Nf4 Nxe5 8. Qa4+
Bd7 9. Qe4 Nc6 10. Bxd3 Nf6 11. Qe3 e5 12. Bb5 Ng4 13. Qe2 Bxc5 14. Nd3 Be7 15.
h3 e4 16. hxg4 exd3 17. Qxd3 a6 18. Bxc6 Bxc6 19. Qxd8+ Rxd8 20. f3 Rd3 21. Ba3
Bg5 22. Kf2 Kd7 23. Bc5 Re8 24. Kg3 Re2 25. Rxh7 Bd8 26. Be3 Bc7+ 27. Kh3 Re1 0-1

[Event "20th HZ Open 2016"]
[Site "Vlissingen NED"]
[Date "2016.08.07"]
[Round "3.1"]
[White "Perske, Thore"]
[Black "Sasikiran, Krishnan"]
[Result "1/2-1/2"]
[WhiteTitle "FM"]
[BlackTitle "GM"]
[WhiteElo "2377"]
[BlackElo "2658"]
[WhiteFideId "12902195"]
[BlackFideId "5004985"]
[EventDate "2016.08.06"]

1. e4 e5 2. Nf3 Nc6 3. Bc4 Bc5 4. c3 Nf6 5. d3 d6 6. O-O a6 7. a4 Ba7 8. Re1 Qe7
9. b4 O-O 10. Bg5 h6 11. Bh4 g5 12. Bg3 Kh7 13. Nbd2 g4 14. Nh4 Nh5 15. Nf1 Nxg3
16. hxg3 Qg5 17. Ne3 h5 18. Qb3 Ne7 19. Rad1 f5 20. d4 f4 21. Nef5 Nxf5 22. exf5
Kg7 23. Be6 Bxe6 24. Qxe6 fxg3 25. fxg3 Qf6 26. Qc4 c6 27. Kh2 Rae8 28. dxe5
Rxe5 29. Rxe5 dxe5 30. b5 cxb5 31. axb5 a5 32. Rd7+ Rf7 33. Qd5 Rxd7 34. Qxd7+
Kh6 35. Qd2+ Kg7 36. Qd7+ Kh6 37. Qd2+ 1/2-1/2